John Solomon & the fifth island / (Record no. 142129)
[ view plain ]
| 000 -LEADER | |
|---|---|
| fixed length control field | 01020nam a2200325 a 4500 |
| 001 - CONTROL NUMBER | |
| control field | vtls000694093 |
| 003 - CONTROL NUMBER IDENTIFIER | |
| control field | PNM |
| 005 - DATE AND TIME OF LATEST TRANSACTION | |
| control field | 20180728150203.0 |
| 008 - FIXED-LENGTH DATA ELEMENTS--GENERAL INFORMATION | |
| fixed length control field | 121101t20132013my | e | 000 f may |
| 015 ## - NATIONAL BIBLIOGRAPHY NUMBER | |
| National bibliography number | M12-14767 |
| 020 ## - INTERNATIONAL STANDARD BOOK NUMBER | |
| International Standard Book Number | 9789671151204 |
| Terms of availability | RM32.90 |
| Qualifying information | paperback |
| 039 #9 - LEVEL OF BIBLIOGRAPHIC CONTROL AND CODING DETAIL [OBSOLETE] | |
| Level of rules in bibliographic description | 201212201510 |
| Level of effort used to assign nonsubject heading access points | aidayas |
| Level of effort used to assign subject headings | 201212191502 |
| Level of effort used to assign classification | nooraini |
| Level of effort used to assign subject headings | 201212110816 |
| Level of effort used to assign classification | manoriah |
| Level of effort used to assign subject headings | 201212071049 |
| Level of effort used to assign classification | khuraisah |
| 040 ## - CATALOGING SOURCE | |
| Original cataloging agency | BNM |
| Transcribing agency | PNM |
| Language of cataloging | eng |
| Modifying agency | PPAK |
| Description conventions | rda |
| 049 ## - LOCAL HOLDINGS (OCLC) | |
| Holding library | klpmal |
| 082 04 - DEWEY DECIMAL CLASSIFICATION NUMBER | |
| Classification number | 899.233 |
| Edition number | 23 |
| 090 00 - LOCALLY ASSIGNED LC-TYPE CALL NUMBER (OCLC); LOCAL CALL NUMBER (RLIN) | |
| Classification number (OCLC) (R) ; Classification number, CALL (RLIN) (NR) | 899.233 |
| Feature heading | TIE |
| Feature heading | G |
| 100 1# - MAIN ENTRY--PERSONAL NAME | |
| Personal name | Tiew, Samuill C. K. |
| Relator term | author. |
| 245 10 - TITLE STATEMENT | |
| Title | John Solomon & the fifth island / |
| Statement of responsibility, etc. | Samuel Tiew C.K |
| 246 3# - VARYING FORM OF TITLE | |
| Title proper/short title | John Solomon and the fifth island |
| 250 ## - EDITION STATEMENT | |
| Edition statement | EDISI BAHASA MELAYU |
| 264 #1 - PRODUCTION, PUBLICATION, DISTRIBUTION, MANUFACTURE, AND COPYRIGHT NOTICE | |
| Place of production, publication, distribution, manufacture | Klang, Selangor : |
| Name of producer, publisher, distributor, manufacturer | Monopoly Publications, |
| Date of production, publication, distribution, manufacture, or copyright notice | 2013 |
| Date of production, publication, distribution, manufacture, or copyright notice | © 2013 |
| 300 ## - PHYSICAL DESCRIPTION | |
| Extent | viii, 414 pages ; |
| Dimensions | 19 cm |
| 336 ## - CONTENT TYPE | |
| Source | rdacontent |
| Content type term | text |
| 337 ## - MEDIA TYPE | |
| Source | rdamedia |
| Media type term | unmediated |
| 338 ## - CARRIER TYPE | |
| Source | rdacarrier |
| Carrier type term | volume |
| 650 10 - SUBJECT ADDED ENTRY--TOPICAL TERM | |
| Topical term or geographic name entry element | Malaysian fiction (Malay) |
| Topical term or geographic name entry element | Malay fiction |
| 942 ## - ADDED ENTRY ELEMENTS (KOHA) | |
| Source of classification or shelving scheme | Dewey Decimal Classification |
| Koha item type | Book |
| Withdrawn | Not for loan | Current library | Shelving location | Date acquired | Total Checkouts | Full call number | Barcode | Date last seen | Date last checked out | Koha item type |
|---|---|---|---|---|---|---|---|---|---|---|
| Perpustakaan Alor Setar | Pinjaman Dewasa | 02/05/2018 | 1 | 899.233 TIE | A00736732 | 06/01/2019 | 26/12/2018 | Book |